Normal view
MARC view
Entry Personal Name
001 - CONTROL NUMBER
- control field: 7875
003 - CONTROL NUMBER IDENTIFIER
- control field: BD-RjUL
005 - DATE AND TIME OF LATEST TRANSACTION
- control field: 20230606112539.0
008 - FIXED-LENGTH DATA ELEMENTS
- fixed length control field: 230606|| aca||aabn | a|a d
040 ## - CATALOGING SOURCE
- Original cataloging agency: BD-RjUL
- Transcribing agency: BD-RjUL
100 ## - HEADING--PERSONAL NAME
- Personal name: Chakraborty, R
670 ## - SOURCE DATA FOUND
- Source citation: Work cat.: (BD-RjUL)81515: Chakraborty, R., Lawmann's law on control of organised crime /, [2017]